Piano roles : (Registro nro. 32090)

Detalles MARC
000 -LEADER
campo de control de longitud fija 01852nam a2200337 4500
003 - IDENTIFICADOR DE NÚMERO DE CONTROL
campo de control PE-LiUPU
005 - FECHA Y HORA DE LA ÚLTIMA TRANSACCIÓN
campo de control 20250731183414.0
008 - DATOS DE LONGITUD FIJA--INFORMACIÓN GENERAL
campo de control de longitud fija 210921n 000 0 eng u
020 ## - NÚMERO INTERNACIONAL ESTÁNDAR DEL LIBRO
Número Internacional Estándar del Libro 9780300080557
035 ## - NÚMERO DE CONTROL DEL SISTEMA
Número de control de sistema (Sirsi) a252891
082 04 - NÚMERO DE LA CLASIFICACIÓN DECIMAL DEWEY
Número de clasificación 788.86519
Cutter P26
100 1# - ENTRADA PRINCIPAL--NOMBRE DE PERSONA
Nombre de persona Parakilas, James,
Término indicativo de función/relación autor
245 10 - MENCIÓN DEL TÍTULO
Título Piano roles :
Resto del título three hundred years of life with the piano /
Mención de responsabilidad, etc. James Parakilas with E. Douglas Bomberger ... [et al.] ; foreword by Noah Adams.
264 ## - PRODUCCIÓN, PUBLICACIÓN, DISTRIBUCIÓN, FABRICACIÓN Y COPYRIGHT
Producción, publicación, distribución, fabricación y copyright New Haven :
Nombre del de productor, editor, distribuidor, fabricante Yale University Press,
Fecha de producción, publicación, distribución, fabricación o copyright 2000
300 ## - DESCRIPCIÓN FÍSICA
Extensión x, 461 páginas :
Otras características físicas ilustraciones ;
Dimensiones 26 centímetros
500 ## - NOTA GENERAL
Nota general Incluye referencias bibliográficas e índice.
505 0# - NOTA DE CONTENIDO CON FORMATO
Nota de contenido con formato Intro -- Contents -- Acknowledgments -- Introduction -- One 1700 to 1770s: The Need for the Piano -- Two Designing, Making, and Selling Pianos -- Three 1770s to 1820s: The Piano Revolution in the Age of Revolutions -- Four The Piano Lesson -- Five 1820s to 1870s: The Piano Calls the Tune -- Six The Concert and the Virtuoso -- Seven 1870s to 1920s: The World's the Limit -- Eight Hollywood's Embattled Icon -- Nine 1920s to 2000: New Voices from the Old Impersonator -- Afterword: Making the Piano Historical -- Notes -- Recommended Readings -- Contributors -- Index.
526 ## - NOTA DE INFORMACIÓN SOBRE EL PROGRAMA DE ESTUDIO
Nombre del programa Maestría Bim Facility Management (A distancia)
526 ## - NOTA DE INFORMACIÓN SOBRE EL PROGRAMA DE ESTUDIO
Nombre del programa
526 ## - NOTA DE INFORMACIÓN SOBRE EL PROGRAMA DE ESTUDIO
Nombre del programa Educación musical y artes
526 ## - NOTA DE INFORMACIÓN SOBRE EL PROGRAMA DE ESTUDIO
Nombre del programa Educación, especialidad educación física
526 ## - NOTA DE INFORMACIÓN SOBRE EL PROGRAMA DE ESTUDIO
Nombre del programa Arquitectura
598 ## -
-- CATALOGING
596 ## -
-- 1
650 04 - PUNTO DE ACCESO ADICIONAL DE MATERIA--TÉRMINO DE MATERIA
Término de materia o nombre geográfico como elemento de entrada Piano
Subdivisión general Historia.
650 04 - PUNTO DE ACCESO ADICIONAL DE MATERIA--TÉRMINO DE MATERIA
Término de materia o nombre geográfico como elemento de entrada Música
Subdivisión general Aspectos sociales.
700 1# - ENTRADA AGREGADA--NOMBRE PERSONAL
Nombre de persona Bomberger, E. Douglas 1958-
Término indicativo de función/relación autor
942 ## - ELEMENTOS DE ENTRADA SECUNDARIOS (KOHA)
Fuente del sistema de clasificación o colocación Clasificación Decimal Dewey
Tipo de ítem Koha
949 ## - PROCESAMIENTO DE INFORMACIÓN LOCAL (OCLC)
a 788.86519 P26
w DEWEY
c 1
i 70905
m BC
p 15.00
r 0
s Y
t LIBRO
u 2021-04-20
x FACIHED
z Educación musical y artes
o STAFF. Colección General
999 ## - NÚMEROS DE CONTROL DE SISTEMA (KOHA)
-- DEWEY
-- 70905
-- 2022-6-9
-- 1
-- CCODEBUL1
-- BUL
-- 15.00
-- 0
-- Y
-- BOOK
-- 2021-9-21
-- EDUCACION
-- P17
-- UNKNOWN
980 ## - EQUIVALENCIA O REFERENCIA-CRUZADA-MENCIÓN DE SERIE--NOMBRE DE PERSONA/TÍTULO [LOCAL, CANADÁ]
ID del último usuario que modificó el registro 1
Nombre del último usuario que modificó el registro ALBERTO SANCHEZ Responsable de Automatización
Existencias
Visto por última vez Número de inventario Total de préstamos Signatura topográfica completa Código de barras Copia número Coste, precio de reemplazo Fecha de reemplazo Facultad Tipo de ítem Koha Nota pública Estado de pérdida Fuente del sistema de clasificación o colocación Restricciones de uso No para préstamo Colección Programa académico Biblioteca de origen Biblioteca actual Ubicación en estantería Fecha de adquisición Fuente de adquisición Coste, precio normal de compra
2025-12-03 2   788.86519 P26 70905 e1 20.00 2021-09-21 FACIHED Libros físicos inventario-2023-12-13 No Perdido Clasificación Decimal Dewey No restringido Disponible para préstamos Colección General Educación musical y artes Biblioteca CRAI UPeU Lima Biblioteca CRAI UPeU Lima Sala principal 2021-09-21 UNKNOWN 15.00